• 首页
  • 本馆介绍
  • 公告通知
  • 最新文献
  • 馆藏检索
  • 电子资源
  • 读者导购
  • 参考咨询
  • 我的图书馆
  • 登录
  • 详细信息显示
  • 放入我的书架
  • 预约/预借图书
  • 作者相关作品
  • 分类相关作品
  • 丛书相关作品
  • 出版社相关作品

书目信息

  • 表格格式
  • 工作单格式
  • 卡片格式
题名:
中国电视节目与国际电视奖的接轨
    
 
作者: 陈虎 著
分册:  
出版信息: 北京   中国传媒大学出版社  2008.08
页数: 144页
开本: 24cm
丛书名: 传媒资讯与研究系列
单 册:
中图分类: G229.3 , J993.07
科图分类:
主题词: 电视节目--评比--工作--亚洲 , 电视节目
电子资源:
ISBN: 978-7-81127-214-7
000 01120oam2 2200301 450
001 010030014458
005 20091207084844.83
010    @a978-7-81127-214-7@dCNY35.00
100    @a20080709d2008 em y0chiy0110 ea
101 0  @achi
102    @aCN@b110000
105    @aak z 000yy
106    @ar
200 1  @a中国电视节目与国际电视奖的接轨@9zhong guo dian shi jie mu yu guo ji dian shi jiang de jie gui@e亚洲电视奖评委工作启示@f陈虎著
210    @a北京@c中国传媒大学出版社@d2008.08
215    @a144页@c图,照片@d24cm
225 2  @a传媒资讯与研究系列
330    @a本书内容包括:WINNER不是可望而不可即、如何理解“Current Affairs”、中国纪录片的遗憾、什么是成功的Game Show、最佳演员花落谁家等。
461  0 @12001 @a传媒资讯与研究系列
510 1  @aChinese TV programs & the international TV awards@zeng
517 1  @a亚洲电视奖评委工作启示@9ya zhou dian shi jiang ping wei gong zuo qi shi
606 0  @a电视节目@x评比@x工作@y亚洲
606 0  @a电视节目
690    @aG229.3@v4
690    @aJ993.07@v4
701  0 @a陈虎@9chen hu@4著
801  0 @aCN@bRENTIAN@c20091207
905    @b20795706-10@dG229.3@e67@f5
    
    中国电视节目与国际电视奖的接轨:亚洲电视奖评委工作启示/陈虎著.-北京:中国传媒大学出版社,2008.08
    144页:图,照片;24cm.-(传媒资讯与研究系列)
    
    
    ISBN 978-7-81127-214-7:CNY35.00
    本书内容包括:WINNER不是可望而不可即、如何理解“Current Affairs”、中国纪录片的遗憾、什么是成功的Game Show、最佳演员花落谁家等。
●
相关链接 在E读中查询图书 在五车中查询图书 在当当中查询图书 在豆瓣中查询图书


正题名:中国电视节目与国际电视奖的接轨     索取号:G229.3/67         预约/预借

序号 登录号 条形码 馆藏地/架位号 状态 备注
1 795706   207957068   第一样本阅览室/ [索取号:G229.3/67] 在馆    
2 795707   207957077   第四借阅区/ [索取号:G229.3/67] 在馆    
3 795708   207957086   第四借阅区/ [索取号:G229.3/67] 在馆    
4 795709   207957095   第四借阅区/ [索取号:G229.3/67] 在馆    
5 795710   207957102   第四借阅区/ [索取号:G229.3/67] 在馆    
唐山师范学院图书馆 欢迎您!
大连网信软件有限公司© 版权所有